Normal view
MARC view
Entry Personal Name
001 - CONTROL NUMBER
- control field: 1062764
003 - CONTROL NUMBER IDENTIFIER
- control field: OSt
005 - DATE AND TIME OF LATEST TRANSACTION
- control field: 20260121170338.0
008 - FIXED-LENGTH DATA ELEMENTS
- fixed length control field: 260121|| aca||aabn | a|a d
040 ## - CATALOGING SOURCE
- Original cataloging agency: OSt
- Transcribing agency: OSt
100 ## - HEADING--PERSONAL NAME
- Personal name: Nathalie Mitev, Anna Morgan-Thomas, Philippe Lorino, Francois-Xavier de Vaujany, Yesh Nama
670 ## - SOURCE DATA FOUND
- Source citation: Work cat.: (OSt)1628493: Nathalie Mitev, Anna Morgan-Thomas, Philippe Lorino, Francois-Xavier de Vaujany, Yesh Nama, Materiality and Managerial Techniques
